Sex Hysteria (Deluxe) - Album (Jessie Murph) - Statistics

General Stats
  • This quiz has been taken 72 times
  • The average score is 16 of 23
Answer Stats
# Title % Correct
12. (feat. Gucci Mane) Donuts
85%
1. Gucci Mane
85%
11. Sex Hysteria
85%
2. 1965
82%
13. Blue Strips
82%
19. (feat.6LACK) Forever
79%
7. Heroin
76%
5. Bad As The Rest
73%
17. Wildflowers And Wine
73%
23. Certain Kind of Love
70%
6. Touch Me Like A Gangster
70%
4. A Little Too Drunk
67%
8. I Like How I Look
67%
22. Outside
67%
14. (feat. Lil Baby) Best Behavior
64%
3. Couldn't Be Worse
61%
18. Easy Sunday Living
61%
21. I'm Not There For You
61%
9. Ain't But a Thing
58%
20. No Chance
55%
16. I Stay I Leave I Love I Lose
52%
10. The Man That Came Back
52%
15. Ur Bill Is Big as Fuck
48%
No matching quizzes found
Score Distribution
Percent of People with Each Score
Percentile by Number Answered
Your Score History
You have not taken this quiz